| 000 | 00787cab a2200229 4500 | ||
|---|---|---|---|
| 001 | WB3434-41 | ||
| 008 | 090401t1998 xxu||||| |||| 00| 0 eng d | ||
| 035 | _a(Sirsi) u88399 | ||
| 041 | _aeng | ||
| 245 | _aLegislation may cover directors` duties | ||
| 260 | _c1998 | ||
| 350 | _a0 | ||
| 490 |
_aFinancial Times _v10 September 1998, 10(1) |
||
| 520 | _aTHe English and Scottish Law Commissions have proposed that company directors` duties be set out in legislation, opening up the way for prosecution or disqualification if they do not comply. | ||
| 650 | _aCOMPANY DIRECTORS | ||
| 650 | _aDIRECTORS RESPONSIBILITIES | ||
| 650 | _aLEGISLATION | ||
| 650 | _aNEGLIGENCE | ||
| 690 | _aMANAGEMENT-BUSINESS MANAGEMENT-PROFESSIONAL PRACTICE | ||
| 942 | _n0 | ||
| 948 | _c10/09/1998 | ||
| 999 |
_c55837 _d55837 |
||